| 000 | 01974cam a22004574i 4500 | ||
|---|---|---|---|
| 003 | PE-LiUPU | ||
| 005 | 20250731172751.0 | ||
| 008 | 150617s r 000 0 d | ||
| 035 | _a(Sirsi) a12491 | ||
| 040 |
_aPE-LiUPU _bspa _cPE-LiUPU _erda |
||
| 049 | _aPRUA | ||
| 082 | 0 | 4 |
_a248.58 _bSh47 _221 |
| 100 | 1 |
_aSherrill, Juan, _eautor. |
|
| 245 | 1 | 3 |
_aEl contrabandista de Dios / _cJuan Sherrill. |
| 264 | 1 |
_aFlorida : _bEditorial Vida, _c1971. |
|
| 300 |
_a280 páginas ; _c17 cm. |
||
| 336 |
_atext _2rdacontent |
||
| 337 |
_aunmediated _2rdamedia |
||
| 338 |
_avolume _2rdacarrier |
||
| 505 | 0 | _aCigarros y mendrugos -- El sombrero amarillo de paja -- Una piedrecita en un coco -- Una noche de tormenta -- Un paso de sumisión -- Por la senda real -- Detrás de la cortina de hierro -- La copa de sufrimiento -- Se ponen los cimientos -- Linternas en la noche -- La tercera oración -- La iglesia impostora -- Al borde del círculo interior -- Abraham el mata gigantes -- El invernadero experimental -- Se extiende la obra -- Rusia a primera vista -- Para Rusia con amor -- A cuenta de una promesa -- El dragón se despierta -- Doce apostoles de esperanza. | |
| 526 | _aSEG42 | ||
| 526 | _aSEG41 | ||
| 526 | _aSEG40 | ||
| 526 | _aSEG39 | ||
| 526 | _aP94 | ||
| 526 | _aP87 | ||
| 526 | _aP86 | ||
| 526 | _aP85 | ||
| 526 | _aP77 | ||
| 526 | _aP76 | ||
| 526 | _aP35 | ||
| 650 | 0 | 4 |
_aVida cristiana _xTestimonios. |
| 700 | 1 |
_aSherrill, Elizabet, _eautor. |
|
| 910 |
_ajck _bjvq _cjck _d20150616 |
||
| 942 |
_2ddc _cBOOK |
||
| 949 |
_a248.58 Sh47 _wDEWEY _c1 _i30974 _lCCODEBUL1 _mBUL _p00.00 _r0 _sY _tBOOK _u19930224 _xTEOLOGIA _PP35 _0COMPRA _o.STAFF. Colección general |
||
| 994 |
_aC0 _bPEPRU |
||
| 596 | _a1 | ||
| 999 |
_a248.58 SH47 _wDEWEY _c2755 _i30974 _f2021-11-10 _g5 _lCCODEBUL1 _mBUL _r0 _sY _tBOOK _u2015-6-17 _xTEOLOGIA _PP35 _0COMPRA _o.STAFF. Colección Teología _d2755 |
||
| 980 |
_81 _gALBERTO SANCHEZ Responsable de Automatización |
||